• 首页
  • 本馆介绍
  • 公告通知
  • 最新文献
  • 馆藏检索
  • 电子资源
  • 读者导购
  • 参考咨询
  • 我的图书馆
  • 登录
  • 详细信息显示
  • 放入我的书架
  • 预约/预借图书
  • 作者相关作品
  • 分类相关作品
  • 丛书相关作品
  • 出版社相关作品

书目信息

  • 表格格式
  • 工作单格式
  • 卡片格式
题名:
良法与善治
    
 
作者: 卢少华 著
分册:  
出版信息: 北京   知识产权出版社  2016.08
页数: 280页
开本: 24cm
丛书名: 高等学校学生管理法治化研究丛书
单 册:
中图分类: G641.5
科图分类:
主题词: 大学生--法制教育--研究--中国
电子资源:
ISBN: 978-7-5130-4418-9
000 01078oam2 2200265 450
001 0103152705
005 20201103152733.0
010    @a978-7-5130-4418-9@dCNY49.00
100    @a20181129d2016 em y0chiy50 ea
101 0  @achi
102    @aCN@b110000
105    @ay z 001yy
106    @ar
200 1  @a良法与善治@Aliang fa yu shan zhi@e高等学校学生管理法治化论纲@f卢少华著
210    @a北京@c知识产权出版社@d2016.08
215    @a280页@d24cm
225 2  @a高等学校学生管理法治化研究丛书
330    @a本书系“高等学校学生管理法治化研究”丛书的基础理论研究篇,秉承立德树人的宗旨,以中国特色社会主义法治理论为指导,科学界定高校学生管理法治化的内涵、原则,提出德育与法治结合,管理与育人结合,良法与善治是实现高等学校学生管理法治化的基本途径。
461  0 @12001 @a高等学校学生管理法治化研究丛书
517 1  @a高等学校学生管理法治化论纲@Agao deng xue xiao xue sheng guan li fa zhi hua lun gang
606 0  @a大学生@x法制教育@x研究@y中国
690    @aG641.5@v5
701  0 @a卢少华@Alu shao hua@4著
801  0 @aCN@bBJSZM@c20201103
905    @b1258366-70@dG641.5@e1775@f5
    
    良法与善治:高等学校学生管理法治化论纲/卢少华著.-北京:知识产权出版社,2016.08
    280页;24cm.-(高等学校学生管理法治化研究丛书)
    
    
    ISBN 978-7-5130-4418-9:CNY49.00
    本书系“高等学校学生管理法治化研究”丛书的基础理论研究篇,秉承立德树人的宗旨,以中国特色社会主义法治理论为指导,科学界定高校学生管理法治化的内涵、原则,提出德育与法治结合,管理与育人结合,良法与善治是实现高等学校学生管理法治化的基本途径。
●
相关链接 在E读中查询图书 在五车中查询图书 在当当中查询图书 在豆瓣中查询图书


正题名:良法与善治     索取号:G641.5/1775         预约/预借

序号 登录号 条形码 馆藏地/架位号 状态 备注
1 1258366   212583667   第一样本阅览室/ [索取号:G641.5/1775] 在馆    
2 1258367   212583676   教育系资料室/ [索取号:G641.5/1775] 在馆    
3 1258368   212583685   教育系资料室/ [索取号:G641.5/1775] 在馆    
4 1258369   212583694   第四借阅区/ [索取号:G641.5/1775] 在馆    
5 1258370   212583701   第四借阅区/ [索取号:G641.5/1775] 在馆    
唐山师范学院图书馆 欢迎您!
大连网信软件有限公司© 版权所有